Introductory remote sensing : (Record no. 55848)
[ view plain ]
| 000 -LEADER | |
|---|---|
| fixed length control field | 00962nam a2200265 a 4500 |
| 001 - CONTROL NUMBER | |
| control field | 55848 |
| 003 - CONTROL NUMBER IDENTIFIER | |
| rucl marc code | BD-RjUL |
| 005 - DATE AND TIME OF LATEST TRANSACTION | |
| control field | 20211209080324.0 |
| 008 - FIXED-LENGTH DATA ELEMENTS--GENERAL INFORMATION | |
| fixed length control field | 161122s2000 enkab 001 0 eng |
| 020 ## - INTERNATIONAL STANDARD BOOK NUMBER | |
| International Standard Book Number | 0415189624(pbk.) : |
| International Standard Book Number | 0415189616(pbk.) : |
| 035 ## - SYSTEM CONTROL NUMBER | |
| System control number | (BD-RjUL) 55972 |
| 040 ## - CATALOGING SOURCE | |
| Original cataloging agency | BDS |
| Language of cataloging | eng |
| Transcribing agency | BD-RjUL |
| Modifying agency | BD-RjUL |
| 041 ## - LANGUAGE CODE | |
| Language code of text/sound track or separate title | eng |
| 082 14 - DEWEY DECIMAL CLASSIFICATION NUMBER | |
| Classification number | 621.3678 |
| Edition number | 23 |
| Author mark and year | GII 2000 |
| 100 1# - MAIN ENTRY--PERSONAL NAME | |
| Personal name | Gibson, Paul J., |
| Fuller form of name | (Paul Jude), |
| Dates associated with a name | 1954- |
| 9 (RLIN) | 166279 |
| 245 10 - TITLE STATEMENT | |
| Title | Introductory remote sensing : |
| Remainder of title | digital image processing and applications / |
| Statement of responsibility, etc. | Paul J. Gibson and Clare H. Power, with contributing editors, Sally E. Goldin and Kurt T. Rudahl. |
| 260 ## - PUBLICATION, DISTRIBUTION, ETC. (IMPRINT) | |
| Place of publication, distribution, etc. | London : |
| Name of publisher, distributor, etc. | Routledge, |
| Date of publication, distribution, etc. | c2000. |
| 300 ## - PHYSICAL DESCRIPTION | |
| Pagination | xix,249 p., [16] p. : |
| Illustrations | ill. ; |
| Size | 26 cm. |
| 504 ## - BIBLIOGRAPHY, ETC. NOTE | |
| Bibliography, etc | Includes bibliographical references and index |
| 650 #0 - SUBJECT ADDED ENTRY--TOPICAL TERM | |
| Topical term or geographic name as entry element | Remote sensing. |
| 9 (RLIN) | 160829 |
| Topical term or geographic name as entry element | Image processing |
| General subdivision | Digital techniques. |
| 9 (RLIN) | 118647 |
| 700 1# - ADDED ENTRY--PERSONAL NAME | |
| Personal name | Power, Clare H. |
| 942 ## - ADDED ENTRY ELEMENTS (KOHA) | |
| Source of classification or shelving scheme | Dewey Decimal Classification |
| Koha item type | Books |
| Lost status | Source of classification or shelving scheme | Damaged status | Not for loan | Collection code | Permanent Location | Current Location | Shelving location | Date acquired | Source of acquisition | Cost, normal purchase price | Total Checkouts | Full call number | Date last seen | Date checked out | Copy number | Koha item type |
|---|---|---|---|---|---|---|---|---|---|---|---|---|---|---|---|---|
| Dewey Decimal Classification | Non-fiction | Central Library, University of Rajshahi | Central Library, University of Rajshahi | 13/04/1006 | Dhaka, Paragon | 35.00 | 3 | 621.3678 GII 2000 | 08/10/2024 | 01/10/2024 | C-2 | Books | ||||
| Dewey Decimal Classification | Not For Loan | Non-fiction | Central Library, University of Rajshahi | Central Library, University of Rajshahi | Reading Room | 13/04/2006 | Dhaka, Paragon Enterprises Ltd | 35.00 | 621.3678 GII 2000 | 28/03/2017 | C-1 | Books |